000 00797nas a2200265 4500
001 BR8204394
003 BR-BrBNA
005 20231205085217.0
007 ta
008 230509b bl.|||p| |||| 00| 00por d
040 _aBR-BrBNA
_bpor
_cBiblioteca Nacional de Agricultura
041 _a(Pt)
072 _aF00
100 1 _aBarni, N.A.
100 1 _aGomes, J.E. da S.
100 1 _aGoncalves, J.C.
245 1 _aProfundidade de semeadura e tamanho de sementes como fatores de uniformidade de lavoura [soja, Glycine max]
650 _aPRATICA CULTURAL
650 _aSEMEADURA
650 _aSEMENTE
650 _aSOJA
773 0 _tIPAGRO Informa (Brazil)
_xISSN 0100-3410
_g(Oct 1982), (no. 25) p. 81-84
_wBR8204394
909 _a202311
_bLúcia
_c55
_dLúcia Elande
942 _2AGRIS
_n0
_cANA
999 _c110012
_d110012